Tous les joueurs appelés par D.Deschamps - Statistiques

Statistiques générales
  • Ce quiz a été pris 385 fois
    17 depuis la dernière actualisation
  • Le résultat moyen est 83 sur 131
Statistiques - réponses
Joueur Club Actuel % Correct
Hugo Lloris Los Angeles FC
100%
Adrien Rabiot AC Milan
92%
André-Pierre Gignac Tigres UANL
92%
Florian Thauvin RC Lens
92%
Lucas Hernández Paris Saint-Germain
92%
Olivier Giroud LOSC Lille
92%
Théo Hernández Al-Hilal
92%
Alphonse Aréola West Ham
85%
Antoine Griezmann Atlético Madrid
85%
Aurélien Tchouaméni Real Madrid
85%
Benjamin Pavard Olympique de Marseille
85%
Bradley Barcola Paris Saint-Germain
85%
Brice Samba Stade Rennais
85%
Corentin Tolisso Olympique Lyonnais
85%
Eduardo Camavinga Real Madrid
85%
Ibrahima Konaté Liverpool FC
85%
Jean-Philippe Mateta Crystal Palace
85%
Karim Benzema Al-Ittihad
85%
Khéphren Thuram Juventus Turin
85%
Kylian Mbappé Real Madrid
85%
Lucas Chevalier LOSC Lille
85%
Maghnes Akliouche AS Monaco
85%
Marcus Thuram Inter Milan
85%
Michael Olise FC Bayern Munich
85%
Mike Maignan AC Milan
85%
N'Golo Kanté Al-Ittihad
85%
Ousmane Dembélé Paris Saint-Germain
85%
Paul Pogba AS Monaco
85%
Rayan Cherki Manchester City
85%
Anthony Martial AEK Athènes
77%
Benjamin Mendy FC Zürich
77%
Blaise Matuidi Retraite
77%
Clément Lenglet Atlético Madrid
77%
Dayot Upamecano FC Bayern Munich
77%
Dimitri Payet Vasco de Gama FC
77%
Ferland Mendy Real Madrid
77%
Hugo Ékitiké Liverpool FC
77%
Jonathan Clauss OGC Nice
77%
Jordan Veretout Al-Arabi SC
77%
Jules Koundé FC Barcelone
77%
Lucas Digne Aston Villa
77%
Malo Gusto Chelsea FC
77%
Marvin Martin Retraite
77%
Mathieu Valbuena Retraite
77%
Raphaël Varane Retraite
77%
Steve Mandanda Retraite
77%
Steven Nzonzi Retraite
77%
Warren Zaïre-Emery Paris Saint-Germain
77%
Wesley Fofana Chelsea FC
77%
William Saliba Arsenal FC
77%
Youssouf Fofana AC Milan
77%
Adil Rami Retraite
69%
Alexandre Lacazette Neom SC
69%
Axel Disasi Chelsea FC
69%
Aymeric Laporte Athletic Bilbao
69%
Bacary Sagna Retraite
69%
Benoît Costil F2R
69%
Christopher Nkunku Chelsea FC
69%
Désiré Doué Paris Saint-Germain
69%
Kingsley Coman Al-Nassr
69%
Mamadou Sakho Torpedo Kutaisi
69%
Mathieu Debuchy Retraite
69%
Mattéo Guendouzi Lazio Rome
69%
Pierre Kalulu Juventus Turin
69%
Presnel Kimpembe Paris Saint-Germain
69%
Randal Kolo Muani Tottenham Hotspurs
69%
Stéphane Ruffier Retraite
69%
Thomas Lemar Atlético Madrid
69%
Yohan Cabaye Retraite
69%
Abou Diaby Retraite
62%
Alassane Pléa Borussia Mönchengladbach
62%
Benoît Badiashile Chelsea FC
62%
Boubacar Kamara Aston Villa
62%
Djibril Sidibé Toulouse FC
62%
Eliaquim Mangala Estoril Praia
62%
Gaël Clichy Retraite
62%
Hatem Ben Arfa Retraite
62%
Laurent Koscielny Retraite
62%
Moussa Diaby Al-Ittihad
62%
Moussa Sissoko Watford FC
62%
Rémy Cabella Olympiakós Le Pirée
62%
Wissam Ben Yedder Libre
62%
Adrien Truffert AFC Bournemouth
54%
Anthony Réveillère Retraite
54%
Benjamin Lecomte Fulham FC
54%
Franck Ribéry Retraite
54%
Houssem Aouar Al-Ittihad
54%
Manu Koné AS Roma
54%
Morgan Schneiderlin Retraite
54%
Nabil Fékir Al-Jazira SC
54%
Patrice Evra Retraite
54%
Paul-Georges Ntep Retraite
54%
Rio Mavuba Retraite
54%
Samir Nasri Retraite
54%
Tanguy Ndombélé OGC Nice
54%
Alban Lafont Panathinaïkos
46%
Christophe Jallet Retraite
46%
Éric Abidal Retraite
46%
Jean-Clair Todibo West Ham
46%
Jonathan Ikoné Paris FC
46%
Kévin Gameiro Retraite
46%
Kurt Zouma Al-Orubah
46%
Lassana Diarra Retraite
46%
Layvin Kurzawa Boavista FC
46%
Léo Dubois Eyüpspor
46%
Loïc Badé Bayer Leverkusen
46%
Loïc Rémy Retraite
46%
Maxime Gonalons Retraite
46%
Nordi Mukiele AFC Sunderland
46%
Ruben Aguilar RC Lens
46%
Samuel Umtiti Libre
46%
Yoann Gourcuff Retraite
46%
Benoît Trémoulinas Retraite
38%
Castello Lukeba RB Leipzig
38%
Clément Grenier Retraite
38%
Jérémy Ménez Retraite
38%
Mickaël Landreau Retraite
38%
Sébastien Corchia Amiens SC
38%
Bafétimbi Gomis Retraite
31%
Clément Chantôme Retraite
31%
Étienne Capoue Sans Club
31%
Jérémy Mathieu Retraite
31%
Loïc Perrin Retraite
31%
Tiémoué Bakayoko PAOK Thessalonique
31%
Geoffrey Kondogbia Olympique de Marseille
23%
Josuha Guilavogui Leeds United
23%
Mapou Yanga-Mbiwa Istres FC
23%
Rod Fanni Retraite
23%
Jimmy Briand Retraite
15%
Jordan Amavi Stade Brestois
15%
Romain Alessandrini Retraite
15%
Aucun quiz correspondant
Distribution des résultats
% des personnes avec chaque résultat
Percentile par nombre de réponses
Votre historique - résultats
Vous n’avez pas pris ce quiz depuis la dernière actualisation